00448nam a2200157Ia 4500008004100000082002000041100002000061245003100081260003800112300002200150365000800172520002400180630003100204650002400235730003100259100920s9999 xx 000 0 und d b28022a6 थ 71 aGARFIELD BRIAN. aWhat of Terry Conniston ?. bFAWCETT PUBLICATIONS , INC.c1971 a222bसाधी b8.1 aई.एल. एफ. aWhat of Terry Conniston ?. aई.एल. एफ. aWhat of Terry Conniston ?.